Selected spectral topics in organic chemistry : (Record no. 39384)

MARC details
000 -LEADER
fixed length control field 00744nam a22002057a 4500
005 - DATE AND TIME OF LATEST TRANSACTION
control field 20100805115747.0
010 ## - LCCN (DPL NO)
LC control number ENG-98274
020 ## - INTERNATIONAL STANDARD BOOK NUMBER
International Standard Book Number 9789380060545
Terms of availability 250.00
035 ## - SYSTEM CONTROL NUMBER
System control number EN-81807
037 ## - SOURCE OF ACQUISITION
Source of stock number/acquisition DBAD/PUB
082 ## - DEWEY DECIMAL CLASSIFICATION NUMBER
Classification number 547
100 ## - MAIN ENTRY--PERSONAL NAME
Personal name Saravanan, S. P.
245 ## - TITLE STATEMENT
Title Selected spectral topics in organic chemistry :
Remainder of title for under graduate and post graduate chemistry students of all Indian universities /
Statement of responsibility, etc by S. P. Saravanan
260 ## - PUBLICATION, DISTRIBUTION, ETC. (IMPRINT)
Place of publication, distribution, etc Salem
Name of publisher, distributor, etc M.S.K. Publications
Date of publication, distribution, etc 2009
270 ## - ADDRESS
Address Salem
City Salem
300 ## - PHYSICAL DESCRIPTION
Extent 94p.
Dimensions 23cm (pbk)
650 ## - SUBJECT ADDED ENTRY--TOPICAL TERM
Topical term or geographic name as entry element Chemistry, Organic
942 ## - ADDED ENTRY ELEMENTS (KOHA)
Source of classification or shelving scheme Dewey Decimal Classification
Item type English Books
Classification part 547
Call number suffix SAR
Holdings
Withdrawn status Lost status Not for loan Collection code Home library Current library Date acquired Source of acquisition Cost, normal purchase price Full call number Barcode Copy number Cost, replacement price Koha item type
    Not For Loan Non-fiction D.B.Act.Division D.B.Act.Division 05/08/2010 DBAD/PUB 250.00 547 SAR EN-81807 1 250.00 English Books

© Delhi Public Library
Hit Counter
free hit counter